000 00747cam a2200277 4500500
005 20260329004957.0
041 _afre
042 _adc
100 1 0 _aLegros, Martin
_eauthor
245 0 0 _aLe bus, c’est l’enfer !
260 _c2021.
500 _a1
690 _aBus
690 _aInsulte
690 _aJoel Feinberg
690 _aJohn Stuart Mill
690 _aLiberté
690 _aMartin Legros
690 _aNégociation
690 _aOffense
690 _aRacisme
690 _aSexisme
690 _atolérance
786 0 _nPhilosophie magazine | 154 | 11 | 2021-11-01 | p. 29-30 | 1951-1787
856 4 1 _uhttps://shs.cairn.info/magazine-philosophie-magazine-2021-11-page-29?lang=fr&redirect-ssocas=7080
999 _c1839090
_d1839090